Čoloviky, čoloviky, ščo vy narobyly?

Bibliographic Details
Main Author: Roman, Michal, 1930- (Author)
Format: Article
Language:Slovak
Ukrainian
Subjects:

MARC

LEADER 00000nab a2200000 a 4500
001 vtls001523299
003 SK-MaSNL
005 20260309145232.0
008 250505c2005 xo qr p 000 c0slo
015 |a SNKRB2005/04 
035 |a (uuid)18b8324f-68c3-44df-8bab-52207c6cb089 
035 |a urn:nbn:sk:snk-abux8 
035 |a (urnnbn)urn:nbn:sk:snk:ar-003fp6 
040 |a SNKBUCL  |b slo  |c SNKBUCL  |e AACR2 
041 0 |a ukr 
044 |a xo  |c SK 
080 |a 82.09:821.161.2 (437.6)-3=161.2(048)  |2 1997 
080 |a 821.161.2 (437.6)-3=161.2(048)  |2 1997 
100 1 |a Roman, Michal,  |d 1930-  |4 aut  |9 90937 
245 1 0 |a Čoloviky, čoloviky, ščo vy narobyly?  |c [avtor] /m-an/ 
300 |b Fotogr. 
650 0 7 |a spoločenské poviedky, ukrajinské  |2 svkpocl  |9 70189 
650 0 7 |a dedinské poviedky, ukrajinské  |2 svkpocl  |9 1465423 
651 7 |a Prešov (Slovensko)  |2 svkpocl  |9 17347 
655 7 |a recenzie  |2 svkpocl  |9 21907 
773 0 |t Duklja  |g Rik vydannja 53 , No 1 (2005), s. 94-96 
787 0 8 |i Rec.:  |a Jackanyn, Ivan  |t V us´omu vynni čoloviky  |d Prjašiv : NITECH, 2004 
850 |a Slovenská národná knižnica 
852 |a Slovenská národná knižnica 
958 |a article27 
958 |a UK 
958 |a LX 
958 |a RC 
958 |a SK 
958 |a OND 
958 |a EUIPO 
999 |c 3365415  |d 3367345